Перспективы исследования семьи: анализ, моделирование, управление

書誌詳細
第一著者: Елизаров В. В. Валерий Владимирович
言語:ロシア語
出版事項: Москва, Мысль, 1987
主題:
フォーマット: MixedMaterials 図書
KOHA link:https://koha.lib.tpu.ru/cgi-bin/koha/opac-detail.pl?biblionumber=15247

MARC

LEADER 00000nam0a2200000 4500
001 15247
005 20231030190146.0
035 |a (RuTPU)RU\TPU\book\15354 
035 |a BOOK00000042 
090 |a 15247 
100 |a 20011209d1987 k y0rusy50 ca 
101 0 |a rus 
102 |a RU 
105 |a y z 000zy 
200 1 |a Перспективы исследования семьи: анализ, моделирование, управление  |f В. В. Елизаров 
210 |a Москва  |c Мысль  |d 1987 
215 |a 173 с. 
610 1 |a социология 
610 1 |a семья 
610 1 |a брак 
610 1 |a семейные отношения 
686 |a С5.553  |v LBC/SL-A  |2 rubbk 
700 1 |a Елизаров  |b В. В.  |g Валерий Владимирович 
801 0 |a RU  |b 63413507  |c 20011209  |g PSBO 
801 2 |a RU  |b 63413507  |c 20171219  |g PSBO 
942 |c BK